[Event "25th Klatovy B 2017"]
[Site "Klatovy CZE"]
[Date "2017.07.04"]
[Round "4.47"]
[White "Tomascik, Petr"]
[Black "Langova, Hana"]
[Result "1-0"]
[WhiteElo "1474"]
[BlackElo "1000"]
[PlyCount "75"]
[EventDate "2017.07.01"]
[EventType "swiss"]
[EventRounds "9"]
[EventCountry "CZE"]

1. d4 d5 2. c4 e6 3. cxd5 exd5 4. Nc3 Nf6 5. Nf3 h6 6. e3 Bd6 7. h3 Be6 8. Bd3 Nc6 9. a3 Qd7 10. Bc2 Ne7 11. Qd3 Bf5 12. Qd2 O-O 13. Bb3 c6 14. Ba2 Rfe8 15. b4 Rac8 16. Bb2 Be6 17. O-O Ng6 18. Rac1 Re7 19. Ne2 Rce8 20. Ne5 Qc8 21. Nxg6 fxg6 22. Ng3 Ne4 23. Nxe4 dxe4 24. Bxe6+ Qxe6 25. Rfe1 Rf7 26. Rc2 g5 27. Qc3 Bf8 28. Rd2 Rf6 29. d5 cxd5 30. Rxd5 Rg6 31. Qd4 g4 32. h4 g3 33. Rf1 Qg4 34. Rd8 Qxh4 35. fxg3 Qxg3 36. Rf2 Re7 37. Rfxf8+ Kh7 38. Rh8# 1-0

[Event "25th Klatovy B 2017"]
[Site "Klatovy CZE"]
[Date "2017.07.04"]
[Round "4.48"]
[White "Krejbich, Lukas"]
[Black "Skalny, Petr"]
[Result "0-1"]
[WhiteElo "1041"]
[BlackElo "1767"]
[PlyCount "68"]
[EventDate "2017.07.01"]
[EventType "swiss"]
[EventRounds "9"]
[EventCountry "CZE"]

1. d4 Nf6 2. c4 e6 3. Nc3 d5 4. e3 c5 5. Nf3 Nc6 6. Be2 Be7 7. O-O O-O 8. a3 Qc7 9. Nb5 Qb6 10. Bd3 Rd8 11. b3 a6 12. Nc3 dxc4 13. bxc4 cxd4 14. Rb1 Qa7 15. Na4 Bc5 16. Re1 dxe3 17. fxe3 Rb8 18. Kh1 b5 19. Nxc5 Qxc5 20. Qc2 b4 21. a4 a5 22. Bb2 b3 23. Qd1 Qe7 24. Nd4 Ne5 25. Be2 Bb7 26. Bf3 Nxf3 27. gxf3 e5 28. Nf5 Qe6 29. Qe2 Qxf5 30. Rf1 Rd7 31. c5 Rbd8 32. Bc3 Qc2 33. Qxc2 bxc2 34. Rbc1 Rd1 0-1

[Event "25th Klatovy B 2017"]
[Site "Klatovy CZE"]
[Date "2017.07.04"]
[Round "4.49"]
[White "Devera, Filip"]
[Black "Skalicky, Jindrich"]
[Result "1/2-1/2"]
[WhiteElo "1000"]
[BlackElo "1274"]
[PlyCount "42"]
[EventDate "2017.07.01"]
[EventType "swiss"]
[EventRounds "9"]
[EventCountry "CZE"]

1. e4 c5 2. Nc3 e6 3. g3 Nc6 4. Bg2 Qc7 5. f4 d6 6. Nf3 Bd7 7. O-O O-O-O 8. d3 Be7 9. Be3 h5 10. Ng5 Bxg5 11. fxg5 f6 12. h4 Rf8 13. Bf3 Be8 14. Ne2 Qb6 15. b3 Nd4 16. Nxd4 cxd4 17. Bd2 Ne7 18. Rc1 Kb8 19. c3 dxc3+ 20. Kh2 cxd2 21. Qxd2 Bg6 1/2-1/2

[Event "25th Klatovy B 2017"]
[Site "Klatovy CZE"]
[Date "2017.07.04"]
[Round "4.50"]
[White "Bukvaj, Martin"]
[Black "Nandin Erdene, Davaademberel 2008"]
[Result "1-0"]
[WhiteElo "1100"]
[BlackElo "1501"]
[PlyCount "56"]
[EventDate "2017.07.01"]
[EventType "swiss"]
[EventRounds "9"]
[EventCountry "CZE"]

1. e4 c5 2. Bc4 Nc6 3. Nc3 Nf6 4. Nf3 d6 5. Ng5 e6 6. d3 Be7 7. Be3 O-O 8. f4 Nd7 9. a4 Nb6 10. h4 Nxc4 11. dxc4 f6 12. Nf3 f5 13. exf5 exf5 14. Nd5 Re8 15. O-O Bf8 16. Ng5 h6 17. Nh3 Ne7 18. g3 Nxd5 19. Qxd5+ Kh8 20. h5 Rxe3 21. Rfe1 Rxg3+ 22. Kh2 Qh4 23. Qg2 Rxg2+ 24. Kxg2 Qxh5 25. Rh1 b6 26. Nf2 Bb7+ 27. Kg3 Qf3+ 28. Kh2 Qg2# 1-0

[Event "25th Klatovy B 2017"]
[Site "Klatovy CZE"]
[Date "2017.07.04"]
[Round "4.51"]
[White "Skrivan, Matej 2008"]
[Black "Zimmermann, Ladislav"]
[Result "0-1"]
[WhiteElo "1100"]
[BlackElo "1320"]
[PlyCount "132"]
[EventDate "2017.07.01"]
[EventType "swiss"]
[EventRounds "9"]
[EventCountry "CZE"]

1. e4 d5 2. e5 e6 3. Bb5+ c6 4. Be2 Nd7 5. d4 f6 6. exf6 Ngxf6 7. Nf3 h6 8. Bd3 Bd6 9. h3 Qe7 10. Qe2 Nb6 11. Ne5 Bxe5 12. dxe5 Nfd7 13. Bg6+ Kd8 14. O-O Nc4 15. Bf4 b6 16. Nc3 a5 17. Na4 Ba6 18. Rfe1 Nxb2 19. Qh5 b5 20. Nc3 b4 21. Nd1 Nxd1 22. Raxd1 Nc5 23. Bd3 a4 24. Bxa6 Rxa6 25. Bg3 Kd7 26. Bh4 Qf8 27. c4 bxc3 28. Rc1 Qf5 29. Qxf5 exf5 30. Rxc3 Ne6 31. a3 Rb6 32. Kf1 c5 33. Bf6 Rb3 34. Rxb3 axb3 35. Rb1 c4 36. a4 Ra8 37. Ra1 gxf6 38. exf6 c3 39. f7 Ke7 40. Ke1 Kxf7 41. Kd1 d4 42. g4 b2 43. Rb1 Rxa4 44. Kc2 Ra1 45. gxf5 d3+ 46. Kxd3 Rxb1 47. Kxc3 Rf1 48. fxe6+ Kxe6 49. Kxb2 Rxf2+ 50. Kb3 Rf3+ 51. Kb4 Rxh3 52. Kb5 Rc3 53. Kb6 Kd6 54. Kb5 Kd5 55. Kb4 Rc5 56. Kb3 Rc4 57. Kb2 Kc5 58. Kb3 Kb5 59. Ka3 Rb4 60. Ka2 Ka4 61. Ka1 h5 62. Ka2 h4 63. Ka1 h3 64. Ka2 h2 65. Ka1 h1=Q+ 66. Ka2 Qb1# 0-1

[Event "25th Klatovy B 2017"]
[Site "Klatovy CZE"]
[Date "2017.07.04"]
[Round "4.52"]
[White "Vilasek, Martin"]
[Black "Palla, Marek"]
[Result "0-1"]
[WhiteElo "1100"]
[BlackElo "1184"]
[PlyCount "78"]
[EventDate "2017.07.01"]
[EventType "swiss"]
[EventRounds "9"]
[EventCountry "CZE"]

1. e4 e6 2. Nf3 d5 3. exd5 exd5 4. Bd3 Bg4 5. O-O Nc6 6. Nc3 d4 7. Nb5 a6 8. Na3 Nge7 9. Nc4 b5 10. Na3 g6 11. Be2 Bg7 12. Ng5 Bxe2 13. Qxe2 O-O 14. d3 Re8 15. Re1 Nf5 16. Nb1 Rxe2 17. Rxe2 Bh6 18. h4 f6 19. Ne6 Qe7 20. Re1 Bxc1 21. Rxc1 Qxe6 22. Rf1 Nxh4 23. Nd2 Qg4 24. g3 Nf3+ 25. Nxf3 Qxf3 26. Rad1 Ne5 27. Rde1 Qh5 28. Kg2 Nf3 29. Re2 Nh4+ 30. gxh4 Qxe2 31. Rc1 Qg4+ 32. Kf1 Qxh4 33. b3 Qh1+ 34. Ke2 Qxc1 35. c4 Re8+ 36. Kf3 Qh1+ 37. Kf4 Qh4+ 38. Kf3 Qh3+ 39. Kf4 g5# 0-1

[Event "25th Klatovy B 2017"]
[Site "Klatovy CZE"]
[Date "2017.07.04"]
[Round "4.53"]
[White "Lang, Simon"]
[Black "Stegner, Mathias 2007"]
[Result "1-0"]
[WhiteElo "1166"]
[BlackElo "1100"]
[PlyCount "81"]
[EventDate "2017.07.01"]
[EventType "swiss"]
[EventRounds "9"]
[EventCountry "CZE"]

1. e4 c5 2. Nf3 Nc6 3. d4 cxd4 4. Nxd4 e5 5. Nb5 Bc5 6. Bc4 Nf6 7. Nd6+ Bxd6 8. Qxd6 Nxe4 9. Qd5 O-O 10. Qxe4 Nd4 11. O-O b5 12. Qxa8 bxc4 13. Nc3 Nxc2 14. Rb1 Nd4 15. Be3 Nf5 16. Bc5 Re8 17. Ne4 d5 18. Rbd1 h6 19. Rxd5 Qa5 20. Qc6 Rd8 21. Rxd8+ Qxd8 22. Nd6 Bd7 23. Qd5 Be6 24. Qxe5 Qc7 25. Re1 Nxd6 26. Qxd6 Qa5 27. Qf8+ Kh7 28. Rd1 Bg4 29. Rf1 Be2 30. Bb4 Qe5 31. Qe7 Qxe7 32. Bxe7 Bxf1 33. Kxf1 Kg6 34. Ke2 Kf5 35. Ke3 Ke6 36. Bc5 Kd5 37. Bxa7 f5 38. a4 Kc6 39. Kd4 Kb7 40. Kxc4 Kxa7 41. b4 1-0

[Event "25th Klatovy B 2017"]
[Site "Klatovy CZE"]
[Date "2017.07.04"]
[Round "4.54"]
[White "Bukvaj, Jan"]
[Black "Valdman, Jakub"]
[Result "0-1"]
[WhiteElo "1100"]
[BlackElo "1070"]
[PlyCount "34"]
[EventDate "2017.07.01"]
[EventType "swiss"]
[EventRounds "9"]
[EventCountry "CZE"]

1. e4 e5 2. Nf3 Nc6 3. Bc4 h6 4. Nc3 Nf6 5. Nd5 Bc5 6. Nxf6+ Qxf6 7. O-O d6 8. d3 Bg4 9. Qe2 Nd4 10. Qd1 Nxf3+ 11. Kh1 O-O 12. gxf3 Bxf3+ 13. Qxf3 Qxf3+ 14. Kg1 h5 15. Be3 h4 16. Bxc5 h3 17. Rfe1 Qg2# 0-1

[Event "25th Klatovy B 2017"]
[Site "Klatovy CZE"]
[Date "2017.07.05"]
[Round "5.1"]
[White "Soukal, Roman"]
[Black "Simacek, Vaclav"]
[Result "1-0"]
[WhiteElo "1931"]
[BlackElo "1830"]
[PlyCount "51"]
[EventDate "2017.07.01"]
[EventType "swiss"]
[EventRounds "9"]
[EventCountry "CZE"]

1. e4 e5 2. Nf3 Nf6 3. d4 d5 4. exd5 Qxd5 5. Nxe5 Nc6 6. Nxc6 Qxc6 7. Qe2+ Be6 8. Qb5 Bd5 9. Qxc6+ Bxc6 10. f3 O-O-O 11. c3 Re8+ 12. Kf2 Bd6 13. Nd2 b6 14. Nc4 Be7 15. Ne5 Bb7 16. Nxf7 Rhf8 17. Bc4 Nd5 18. Ne5 c5 19. Bd2 Nf4 20. Rhe1 Bg5 21. Rad1 a6 22. Bc1 b5 23. Bf1 c4 24. g3 Nd3+ 25. Nxd3 Rxf3+ 26. Kg1 1-0

[Event "25th Klatovy B 2017"]
[Site "Klatovy CZE"]
[Date "2017.07.05"]
[Round "5.2"]
[White "Cyron, Karel"]
[Black "Jirasek, Jiri"]
[Result "1-0"]
[WhiteElo "1774"]
[BlackElo "1874"]
[PlyCount "117"]
[EventDate "2017.07.01"]
[EventType "swiss"]
[EventRounds "9"]
[EventCountry "CZE"]

1. e4 e5 2. Nf3 Nc6 3. Bb5 a6 4. Ba4 Nf6 5. O-O b5 6. Bb3 Be7 7. Re1 d6 8. c3 Na5 9. Bc2 c5 10. h3 O-O 11. d4 Qc7 12. Nbd2 Bd7 13. Nf1 Rfc8 14. d5 Nb7 15. Kh2 g6 16. Bh6 Nh5 17. Qd2 Nd8 18. g4 Ng7 19. Ng3 f6 20. Rg1 Nf7 21. Be3 Kh8 22. Rg2 Rg8 23. Rag1 Qc8 24. Bh6 Nxh6 25. Qxh6 Qf8 26. Nh4 Qf7 27. Nf3 Bf8 28. Qe3 g5 29. Nf5 Bxf5 30. exf5 Ra7 31. Qe4 Ne8 32. Rd1 h5 33. Rgg1 Rg7 34. Kg2 Rh7 35. Rh1 Qg8 36. Bd3 c4 37. Be2 hxg4 38. hxg4 Rxh1 39. Rxh1+ Rh7 40. Rxh7+ Kxh7 41. Ne1 Be7 42. Bf3 Nc7 43. Nc2 a5 44. Ne3 Na6 45. Qb1 Nc5 46. b3 cxb3 47. axb3 Kg7 48. b4 Na4 49. bxa5 Nxc3 50. Qb4 Qc8 51. a6 Na4 52. Qxb5 Nc5 53. a7 Na6 54. Be2 Nc7 55. Qb8 Qd7 56. a8=Q Nxa8 57. Qxa8 Bd8 58. Qc6 Qe7 59. Bb5 1-0

[Event "25th Klatovy B 2017"]
[Site "Klatovy CZE"]
[Date "2017.07.05"]
[Round "5.3"]
[White "Micka, Norbert"]
[Black "Krupansky, Jaromir"]
[Result "1-0"]
[WhiteElo "1823"]
[BlackElo "1764"]
[PlyCount "87"]
[EventDate "2017.07.01"]
[EventType "swiss"]
[EventRounds "9"]
[EventCountry "CZE"]

1. Nf3 d5 2. d4 Nc6 3. c4 Bg4 4. cxd5 Bxf3 5. gxf3 Qxd5 6. e3 e5 7. Nc3 Bb4 8. Bd2 Bxc3 9. bxc3 Nf6 10. c4 Qd6 11. d5 Ne7 12. Rb1 b6 13. Bb4 Qd7 14. h4 O-O 15. Bh3 Qd8 16. Qa4 Re8 17. Rd1 Nc8 18. Rg1 Nd6 19. Qc6 a5 20. Bxd6 cxd6 21. Rb1 Rb8 22. Ke2 Re7 23. Qa4 Rc7 24. Rb5 Nd7 25. Bxd7 Qxd7 26. Rgb1 Rbc8 27. Rc1 Ra7 28. Qb3 a4 29. Qb4 Ra5 30. Rxb6 Rxd5 31. cxd5 Rxc1 32. Rb8+ Rc8 33. Rxc8+ Qxc8 34. Qxa4 Kf8 35. Kd3 Qb7 36. Qb3 Qa8 37. a4 Ke7 38. Qb5 Kd8 39. a5 Kc7 40. Qb6+ Kd7 41. e4 h6 42. a6 g5 43. h5 f5 44. a7 1-0

[Event "25th Klatovy B 2017"]
[Site "Klatovy CZE"]
[Date "2017.07.05"]
[Round "5.4"]
[White "Nechutny, Michal"]
[Black "Zednik, Zdenek"]
[Result "1/2-1/2"]
[WhiteElo "1766"]
[BlackElo "1950"]
[PlyCount "76"]
[EventDate "2017.07.01"]
[EventType "swiss"]
[EventRounds "9"]
[EventCountry "CZE"]

1. e4 c5 2. c3 Nf6 3. e5 Nd5 4. d4 cxd4 5. Nf3 Nc6 6. cxd4 d6 7. Bc4 Nb6 8. Bb5 e6 9. O-O Bd7 10. Nc3 a6 11. Bd3 Be7 12. Bf4 dxe5 13. dxe5 Nb4 14. Be4 Bc6 15. Bxc6+ bxc6 16. Qe2 N4d5 17. Rfd1 O-O 18. Nxd5 Nxd5 19. Bg3 Qb6 20. Rac1 Rab8 21. Rd2 Rbd8 22. a3 c5 23. Rcd1 Rb8 24. Bh4 Bxh4 25. Nxh4 Rfc8 26. Nf5 exf5 27. Rxd5 g6 28. R1d2 Qb5 29. Qxb5 Rxb5 30. Rd8+ Rxd8 31. Rxd8+ Kg7 32. Rd2 c4 33. f4 Kf8 34. Rc2 Ke7 35. Rxc4 Rxb2 36. Rc6 Rb1+ 37. Kf2 Rb2+ 38. Kg1 Rb1+ 1/2-1/2

[Event "25th Klatovy B 2017"]
[Site "Klatovy CZE"]
[Date "2017.07.05"]
[Round "5.5"]
[White "Masek, Jan"]
[Black "Stanik, Michal"]
[Result "1-0"]
[WhiteElo "1915"]
[BlackElo "1746"]
[PlyCount "56"]
[EventDate "2017.07.01"]
[EventType "swiss"]
[EventRounds "9"]
[EventCountry "CZE"]

1. e4 e6 2. d4 d5 3. Nd2 Nf6 4. e5 Nfd7 5. Bd3 c5 6. c3 Nc6 7. Ngf3 Qb6 8. O-O cxd4 9. cxd4 Nxd4 10. Nxd4 Qxd4 11. Nf3 Qb6 12. Qa4 Bc5 13. Bd2 O-O 14. Bxh7+ Kxh7 15. Qh4+ Kg8 16. Ng5 Re8 17. Qh7+ Kf8 18. Qh8+ Ke7 19. Qxg7 Kd8 20. Rac1 a5 21. Be3 Kc7 22. Qxf7 Kd8 23. Qg7 Bxe3 24. Nf7+ Ke7 25. fxe3 Qxe3+ 26. Kh1 b5 27. Nd6+ Kd8 28. Nxe8 Kxe8 1-0

[Event "25th Klatovy B 2017"]
[Site "Klatovy CZE"]
[Date "2017.07.05"]
[Round "5.6"]
[White "Perik, Alois"]
[Black "Hosnedl, Matyas"]
[Result "1/2-1/2"]
[WhiteElo "1870"]
[BlackElo "1739"]
[PlyCount "66"]
[EventDate "2017.07.01"]
[EventType "swiss"]
[EventRounds "9"]
[EventCountry "CZE"]

1. c4 e5 2. Nc3 Nf6 3. g3 d6 4. Bg2 g6 5. Nf3 Bg7 6. O-O O-O 7. d4 Nbd7 8. b3 c6 9. Bb2 Qe7 10. Qc2 Ne8 11. dxe5 dxe5 12. Rad1 Nc7 13. Qc1 e4 14. Ne1 f5 15. e3 Ne5 16. Ba3 c5 17. f4 exf3 18. Nxf3 Ng4 19. Rfe1 Bh6 20. Rd3 Re8 21. Nd1 Bd7 22. Bb2 Rad8 23. Qc3 Bg7 24. Qxg7+ Qxg7 25. Bxg7 Kxg7 26. h3 Nf6 27. Nd2 Bc6 28. Rxd8 Rxd8 29. Bxc6 Rxd2 30. Bxb7 Rxa2 31. e4 fxe4 32. Bxe4 Nxe4 33. Rxe4 Kf6 1/2-1/2

[Event "25th Klatovy B 2017"]
[Site "Klatovy CZE"]
[Date "2017.07.05"]
[Round "5.7"]
[White "Flajsman, Pavel"]
[Black "Vavrinek, Tomas"]
[Result "0-1"]
[WhiteElo "1736"]
[BlackElo "1750"]
[PlyCount "78"]
[EventDate "2017.07.01"]
[EventType "swiss"]
[EventRounds "9"]
[EventCountry "CZE"]

1. e4 c5 2. Nf3 Nc6 3. Bb5 Nf6 4. Bxc6 bxc6 5. d3 g6 6. O-O Bg7 7. Nc3 O-O 8. Qe1 d6 9. h3 a5 10. a4 e5 11. Nd2 Nh5 12. Ne2 Nf4 13. Nxf4 exf4 14. Rb1 f5 15. f3 fxe4 16. Nxe4 d5 17. Nf2 Bd4 18. c3 Re8 19. Qd2 Be3 20. Qc2 Qg5 21. Kh1 Bf5 22. c4 Bxf2 23. Qxf2 Bxd3 24. Ra1 Bxf1 25. Qxf1 Qg3 26. Bd2 d4 27. Rb1 Ra7 28. Kg1 Rae7 29. Bxa5 Re2 30. Kh1 Rf2 31. Qg1 Ree2 32. Be1 Qxg2+ 33. Qxg2 Rxg2 34. a5 Rxb2 35. Ra1 Ra2 36. Rb1 Rgb2 37. Rd1 Rb3 38. Bd2 Rxf3 39. Kg2 Rd3 0-1

[Event "25th Klatovy B 2017"]
[Site "Klatovy CZE"]
[Date "2017.07.05"]
[Round "5.8"]
[White "Bainhofner, Jiri"]
[Black "Berka, Lubos"]
[Result "1/2-1/2"]
[WhiteElo "1755"]
[BlackElo "1822"]
[PlyCount "38"]
[EventDate "2017.07.01"]
[EventType "swiss"]
[EventRounds "9"]
[EventCountry "CZE"]

1. e4 c6 2. d4 d5 3. e5 Bf5 4. Nc3 Qb6 5. Nf3 h6 6. Bd3 Bxd3 7. Qxd3 e6 8. O-O Ne7 9. a3 Nf5 10. g4 Ne7 11. b4 Ng6 12. Ne2 Be7 13. Nf4 Nxf4 14. Bxf4 Nd7 15. Kg2 g5 16. Bd2 Qd8 17. h3 Nb6 18. Be3 Nc4 19. Nd2 Nxd2 1/2-1/2

[Event "25th Klatovy B 2017"]
[Site "Klatovy CZE"]
[Date "2017.07.05"]
[Round "5.9"]
[White "Davaademberel, Purevdorj 1981"]
[Black "Hartmann, Andreas 1969"]
[Result "0-1"]
[WhiteElo "1835"]
[BlackElo "1685"]
[PlyCount "84"]
[EventDate "2017.07.01"]
[EventType "swiss"]
[EventRounds "9"]
[EventCountry "CZE"]

1. e4 e5 2. Nf3 d6 3. Bc4 h6 4. d4 exd4 5. Nxd4 Nf6 6. Nc3 c6 7. O-O Be7 8. Bd3 Bg4 9. f3 Bh5 10. Nf5 g5 11. Ne2 Bg6 12. Ned4 Qb6 13. Be3 c5 14. Ne2 Bxf5 15. exf5 Nd5 16. Bf2 Nd7 17. Bc4 N5f6 18. c3 Ne5 19. Bb3 Qa6 20. Ba4+ b5 21. Bc2 Kf8 22. Ng3 Rd8 23. Re1 Qc8 24. a4 a6 25. axb5 axb5 26. Ne4 d5 27. Nxf6 Bxf6 28. Bg3 Nc4 29. b3 Nb6 30. Ra7 Bxc3 31. Ree7 Bd4+ 32. Bf2 Nd7 33. Bxd4 cxd4 34. Rexd7 Rxd7 35. Qxd4 Kg8 36. f6 Rxa7 37. Qxa7 Qxc2 38. Qa8+ Kh7 39. Qxd5 Kg6 40. h4 gxh4 41. Qxb5 Qd1+ 42. Kf2 Rc8 0-1

[Event "25th Klatovy B 2017"]
[Site "Klatovy CZE"]
[Date "2017.07.05"]
[Round "5.10"]
[White "Rychtecky, Pavel"]
[Black "Lener, Jaroslav 1975"]
[Result "0-1"]
[WhiteElo "1643"]
[BlackElo "1750"]
[PlyCount "88"]
[EventDate "2017.07.01"]
[EventType "swiss"]
[EventRounds "9"]
[EventCountry "CZE"]

1. e4 c5 2. Nf3 Nc6 3. d4 cxd4 4. Nxd4 d6 5. Nc3 g6 6. Be3 Bg7 7. Be2 Nf6 8. O-O Bd7 9. h3 O-O 10. Qd2 Rc8 11. f4 a6 12. a4 Qc7 13. Nb3 Na5 14. Nxa5 Qxa5 15. Bd3 Rfe8 16. g4 Be6 17. Ne2 Qxd2 18. Bxd2 Bc4 19. Bc3 Nxe4 20. Bxe4 Bxe2 21. Rf2 Bxc3 22. Rxe2 Bxb2 23. Rb1 Bd4+ 24. Kg2 b6 25. Bb7 Rc3 26. Bxa6 Ra8 27. Bb5 Rac8 28. Bd3 e5 29. fxe5 dxe5 30. Rb4 Kg7 31. g5 h6 32. h4 hxg5 33. hxg5 Rh8 34. Kg3 Rh5 35. Kg4 Rh1 36. Kg3 Ra3 37. Rc4 Raa1 38. Be4 Rhg1+ 39. Bg2 Raf1 40. Rc6 Rf5 41. Kg4 Be3 42. Rxe3 Rxg2+ 43. Kh3 Rfxg5 44. Rxe5 Rxc2 0-1

[Event "25th Klatovy B 2017"]
[Site "Klatovy CZE"]
[Date "2017.07.05"]
[Round "5.11"]
[White "Boucek, Vlastimil 1968"]
[Black "Esterka, Jan"]
[Result "1-0"]
[WhiteElo "1677"]
[BlackElo "1827"]
[PlyCount "55"]
[EventDate "2017.07.01"]
[EventType "swiss"]
[EventRounds "9"]
[EventCountry "CZE"]

1. e4 c5 2. Nf3 d6 3. d4 cxd4 4. Nxd4 Nf6 5. Nc3 g6 6. Be2 Bg7 7. Be3 Nc6 8. O-O O-O 9. Nb3 Be6 10. f4 Rc8 11. f5 Bxb3 12. axb3 a6 13. fxg6 hxg6 14. Qd2 Ne5 15. h3 b5 16. Rxa6 b4 17. Nd5 Nxe4 18. Qd1 Ng3 19. Re1 Nxe2+ 20. Qxe2 Nc6 21. Bg5 f6 22. Rxc6 Rxc6 23. Nxe7+ Kh7 24. Qe4 Qb6+ 25. Be3 Qxe3+ 26. Rxe3 Rc5 27. Qxg6+ Kh8 28. Re4 1-0

[Event "25th Klatovy B 2017"]
[Site "Klatovy CZE"]
[Date "2017.07.05"]
[Round "5.12"]
[White "Nagy, Ladislav"]
[Black "Novotny, David"]
[Result "1/2-1/2"]
[WhiteElo "1000"]
[BlackElo "1725"]
[PlyCount "106"]
[EventDate "2017.07.01"]
[EventType "swiss"]
[EventRounds "9"]
[EventCountry "CZE"]

1. Nf3 Nf6 2. g3 g6 3. Bg2 Bg7 4. d4 O-O 5. O-O d6 6. b3 c6 7. Bb2 Qc7 8. c4 Nbd7 9. Re1 e5 10. dxe5 Nxe5 11. Nxe5 dxe5 12. Qc2 Be6 13. Nc3 Rfd8 14. Rad1 Bf5 15. Qc1 Rd7 16. Rxd7 Nxd7 17. Rd1 a5 18. Rd2 Bh6 19. e3 Nb6 20. a4 Nd7 21. Ne4 Bxe4 22. Bxe4 Nc5 23. Bc2 Re8 24. Qd1 Qb6 25. Ba1 Na6 26. Bc3 Bxe3 27. Re2 Bc5 28. Bxe5 Bxf2+ 29. Kg2 Bc5 30. Bf6 Rxe2+ 31. Qxe2 Qc7 32. Qe8+ Bf8 33. h4 Qd6 34. Qd8 Qxd8 35. Bxd8 Bb4 36. Bf6 Nc5 37. Kf3 Kf8 38. Kf4 Ke8 39. Kg5 Bd2+ 40. Kg4 Kd7 41. Kf3 Kd6 42. Ke2 Bb4 43. h5 Ne6 44. hxg6 hxg6 45. Ke3 Nc5 46. Kd4 Nd7 47. Bg5 Be1 48. g4 Ke6 49. Bf4 Nf6 50. Bd1 Nd7 51. Bc2 Bb4 52. Kd3 Bc5 53. Ke4 Bb4 1/2-1/2

[Event "25th Klatovy B 2017"]
[Site "Klatovy CZE"]
[Date "2017.07.05"]
[Round "5.13"]
[White "Merinsky, Vaclav"]
[Black "Chmelik, Ladislav"]
[Result "0-1"]
[WhiteElo "1439"]
[BlackElo "1739"]
[PlyCount "48"]
[EventDate "2017.07.01"]
[EventType "swiss"]
[EventRounds "9"]
[EventCountry "CZE"]

1. e4 d5 2. exd5 Nf6 3. d6 exd6 4. Nf3 Bf5 5. Bc4 Be7 6. O-O O-O 7. Re1 d5 8. Bb3 Nbd7 9. d4 c6 10. Bg5 h6 11. Bh4 Re8 12. Nbd2 Ne4 13. Bxe7 Qxe7 14. Nxe4 Bxe4 15. Nd2 Bg6 16. c3 Nf6 17. Nf3 Qd6 18. Ne5 Rad8 19. f3 Nd7 20. Qd2 Nxe5 21. dxe5 Rxe5 22. Rxe5 Qxe5 23. Kf2 Qxh2 24. c4 Qh4+ 0-1

[Event "25th Klatovy B 2017"]
[Site "Klatovy CZE"]
[Date "2017.07.05"]
[Round "5.14"]
[White "Sibl, Vaclav"]
[Black "Kovar, Vaclav 1953"]
[Result "1-0"]
[WhiteElo "1961"]
[BlackElo "1650"]
[PlyCount "89"]
[EventDate "2017.07.01"]
[EventType "swiss"]
[EventRounds "9"]
[EventCountry "CZE"]

1. d4 d5 2. Nf3 Nf6 3. Bf4 e6 4. e3 c5 5. c3 Nc6 6. Nbd2 h6 7. Ne5 Be7 8. Bd3 Nd7 9. Qg4 Bg5 10. Bxg5 Ndxe5 11. Bxd8 Nxg4 12. Bh4 cxd4 13. exd4 Bd7 14. h3 Nf6 15. O-O Nh5 16. f4 O-O 17. Be1 a6 18. g4 Nf6 19. Bg3 Nh7 20. Nf3 Ne7 21. Ne5 Bc8 22. Bh4 f6 23. Nf3 g5 24. fxg5 Nxg5 25. Kg2 Kg7 26. Rae1 Ng6 27. Bg3 Bd7 28. h4 Nxf3 29. Rxf3 Rae8 30. h5 Ne7 31. Bd6 Rg8 32. Rg3 Nc8 33. Bf4 Rh8 34. Kh3 Ref8 35. b3 Kf7 36. c4 Bc6 37. Bg6+ Ke7 38. Bf5 dxc4 39. Rxe6+ Kd8 40. bxc4 Bd7 41. Re2 Bxf5 42. gxf5 Ne7 43. Rg7 Nxf5 44. Rxb7 Re8 45. Reb2 1-0

[Event "25th Klatovy B 2017"]
[Site "Klatovy CZE"]
[Date "2017.07.05"]
[Round "5.15"]
[White "Mejzr, Jan"]
[Black "Fekete, Frantisek 1941"]
[Result "1-0"]
[WhiteElo "1901"]
[BlackElo "1678"]
[PlyCount "97"]
[EventDate "2017.07.01"]
[EventType "swiss"]
[EventRounds "9"]
[EventCountry "CZE"]

1. b4 e5 2. a3 d6 3. Bb2 Nc6 4. e3 a6 5. c4 Be6 6. Nf3 e4 7. Nd4 Nxd4 8. Bxd4 Nf6 9. Nc3 Be7 10. Rb1 Bf5 11. Qc2 Qd7 12. Bxf6 Bxf6 13. Nxe4 O-O-O 14. Bd3 Bg6 15. Nxf6 gxf6 16. h4 Qg4 17. g3 Qf3 18. O-O Rhg8 19. Kh2 Rde8 20. Bxg6 Rxg6 21. Qd1 Qf5 22. Qe2 Reg8 23. e4 Qe5 24. f4 Qd4 25. Rf3 Rg4 26. Qd3 Qb6 27. Qe3 Qc6 28. b5 axb5 29. cxb5 Qc2 30. Qd3 Qc5 31. Qd5 Qc2 32. Rbf1 Qb2 33. Rc3 Qxc3 34. dxc3 Rxg3 35. Qxf7 Rg2+ 36. Kh1 R2g3 37. Qe6+ Kb8 38. Rf3 Rg1+ 39. Kh2 R8g2+ 40. Kh3 Rd2 41. Qe8+ Ka7 42. Rg3 Rh1+ 43. Kg4 Rdh2 44. Qh5 Re2 45. Qxh7 Rhe1 46. h5 Rxe4 47. Qxe4 Rxe4 48. h6 Re8 49. Kf5 1-0

[Event "25th Klatovy B 2017"]
[Site "Klatovy CZE"]
[Date "2017.07.05"]
[Round "5.16"]
[White "Schille, Hannes"]
[Black "Kaspar, Lukas"]
[Result "1/2-1/2"]
[WhiteElo "1690"]
[BlackElo "1764"]
[PlyCount "78"]
[EventDate "2017.07.01"]
[EventType "swiss"]
[EventRounds "9"]
[EventCountry "CZE"]

1. d4 Nf6 2. c4 g6 3. Nc3 d5 4. cxd5 Nxd5 5. e4 Nxc3 6. bxc3 Bg7 7. Be3 O-O 8. Nf3 c5 9. Rc1 Qa5 10. Qd2 Rd8 11. Be2 e6 12. O-O cxd4 13. cxd4 Qxd2 14. Bxd2 Nc6 15. Bc3 Nxd4 16. Nxd4 Bxd4 17. Rfd1 Bb6 18. Rxd8+ Bxd8 19. Rd1 Be7 20. Bc4 a6 21. e5 b5 22. Be2 Ra7 23. Ba5 Rd7 24. Rxd7 Bxd7 25. Bf3 Bc8 26. Bc6 Bc5 27. Kf1 Bd4 28. Bc7 f6 29. f4 fxe5 30. fxe5 Kg7 31. Ke2 Kh6 32. Kd3 Bg1 33. h3 Kg5 34. Ke4 Bc5 35. Bd6 Bb6 36. Be7+ Kh6 37. Bf8+ Kg5 38. Be7+ Kh6 39. Bf8+ Kg5 1/2-1/2

[Event "25th Klatovy B 2017"]
[Site "Klatovy CZE"]
[Date "2017.07.05"]
[Round "5.17"]
[White "Svec, Vitezslav"]
[Black "Lacha, Jan"]
[Result "1/2-1/2"]
[WhiteElo "1630"]
[BlackElo "1815"]
[PlyCount "49"]
[EventDate "2017.07.01"]
[EventType "swiss"]
[EventRounds "9"]
[EventCountry "CZE"]

1. d4 Nf6 2. Bf4 d6 3. e3 b6 4. Nf3 Bb7 5. Be2 g6 6. O-O Bg7 7. c4 Nbd7 8. h3 O-O 9. Nc3 Re8 10. Bh2 a6 11. b4 e5 12. d5 Qe7 13. e4 Nh5 14. Nd2 Nf4 15. Rc1 Qg5 16. Bxf4 exf4 17. Nf3 Qf6 18. Bd3 Ne5 19. Nxe5 Rxe5 20. f3 Rae8 21. Ne2 Bc8 22. Rf2 Rh5 23. Kf1 Qe5 24. Ng1 Qd4 25. Ne2 1/2-1/2

[Event "25th Klatovy B 2017"]
[Site "Klatovy CZE"]
[Date "2017.07.05"]
[Round "5.18"]
[White "Parpel, Petr"]
[Black "Vavrinkova, Anna"]
[Result "1/2-1/2"]
[WhiteElo "1758"]
[BlackElo "1452"]
[PlyCount "69"]
[EventDate "2017.07.01"]
[EventType "swiss"]
[EventRounds "9"]
[EventCountry "CZE"]

1. d4 d5 2. c4 c6 3. Nc3 Nf6 4. e3 g6 5. Nf3 Bg7 6. cxd5 cxd5 7. Bb5+ Bd7 8. Qb3 Bxb5 9. Qxb5+ Qd7 10. O-O a6 11. Qd3 O-O 12. Ne5 Qd6 13. Bd2 Nbd7 14. f4 e6 15. a3 Rac8 16. Rac1 b5 17. Ne2 Qb6 18. Bb4 Rfe8 19. Qd2 Qb7 20. Ng3 Nb6 21. b3 Nfd7 22. Rxc8 Rxc8 23. Rc1 Rxc1+ 24. Qxc1 Nxe5 25. fxe5 Qc8 26. Ne2 Qxc1+ 27. Nxc1 Bf8 28. Nd3 Bxb4 29. axb4 Nd7 30. Nc5 Nb8 31. Kf1 Kf8 32. Ke2 Ke7 33. Kd3 h6 34. e4 g5 35. g4 1/2-1/2